|
|
|
|
| LEADER |
00000nam1a2200000 4500 |
| 001 |
15708 |
| 005 |
20231101205033.0 |
| 035 |
|
|
|a (RuTPU)RU\TPU\book\15821
|
| 090 |
|
|
|a 15708
|
| 100 |
|
|
|a 20011209d1957 k y0rusy50 ca
|
| 101 |
0 |
|
|a rus
|
| 102 |
|
|
|a RU
|
| 200 |
1 |
|
|a Сочинения
|e в 12 т.
|f Е. В. Тарле
|g Академия наук СССР (АН СССР) ; гл. ред. А. С. Ерусалимский
|
| 210 |
|
|
|a Москва
|c Изд-во АН СССР
|d 1957-1962
|
| 700 |
|
1 |
|a Тарле
|b Е. В.
|c российский историк
|f 1874-1955
|g Евгений Викторович
|2 stltpush
|3 (RuTPU)RU\TPU\pers\1327
|9 595
|
| 702 |
|
1 |
|a Ерусалимский
|b А. С.
|4 651
|
| 712 |
0 |
2 |
|a Академия наук СССР (АН СССР)
|2 stltpush
|3 (RuTPU)RU\TPU\col\722
|
| 801 |
|
0 |
|a RU
|b 63413507
|c 20011209
|g PSBO
|
| 801 |
|
2 |
|a RU
|b 63413507
|c 20141010
|g PSBO
|
| 942 |
|
|
|c BK
|